000 00848nas a2200289 4500
001 BR9700984
003 BR-BrBNA
005 20231205100059.0
007 ta
008 230509b bl.|||p| |||| 00| 00por d
040 _aBR-BrBNA
_bpor
_cBiblioteca Nacional de Agricultura
041 _a(Pt)
072 _aH10
100 1 _aOliveira, M.A. de
100 1 _aDella Lucia, T.M.C.
100 1 _aAraujo, M. da S.
100 1 _aCruz, A.P. da
245 1 _aA fauna de formigas em povoamentos de eucalipto e mata nativa no estado do Amapa
650 _aEucalipto
650 _aFormiga
650 _aControle Biologico
650 _aEcossistema
650 _aAmapa
773 0 _tActa Amazonica (Brazil)
_xISSN 0044-5967
_g(Mar-Jun 1995), v. 25(1-2) p. 117-126
_wBR9700984
909 _a202311
_bLúcia
_c55
_dLúcia Elande
942 _2AGRIS
_n0
_cANA
999 _c154301
_d154301